000 00502nam a22001697a 4500
999 _c1309
_d1309
008 200122b ||||| |||| 00| 0 eng d
082 0 0 _a621.1
_bB9882
100 _9901
_aButterfield, Thomas E.
245 1 0 _aSteam and gas engineering : Thermodynamics, materials, performance
_cby Thomas E Butterfield
250 _a4th
260 _aToronto
_bD. Van Nostrand Co.
_c1948
300 _axiii,577p.
365 _d30.15
650 0 _aSteam Engineering
700 _9902
_aJennings, Burgess H.
942 _cBK